000
00300nam a2200097Ia 4500
082
_a
658.022 PARK
245
0
_a
Run your own business and make lots of money
100
_a
PARKER, Eric Northcliff, South Africa, 2005 1st ed
_9
62770
942
_c
BK
008
210817s9999 xx 000 0 und d
999
_c
198359
_d
198358